|
|
|
|
| LEADER |
01877nam a2200445 i 4500 |
| 001 |
EBC1936510 |
| 003 |
MiAaPQ |
| 005 |
20200520144314.0 |
| 006 |
m o d | |
| 007 |
cr cnu|||||||| |
| 008 |
150222t20142014sz a ob 000 0 spa d |
| 020 |
|
|
|z 9789222270309
|
| 020 |
|
|
|a 9789222270316
|q (electronic bk.)
|
| 035 |
|
|
|a (MiAaPQ)EBC1936510
|
| 035 |
|
|
|a (Au-PeEL)EBL1936510
|
| 035 |
|
|
|a (CaPaEBR)ebr11018249
|
| 035 |
|
|
|a (OCoLC)902958099
|
| 040 |
|
|
|a MiAaPQ
|b eng
|e rda
|e pn
|c MiAaPQ
|d MiAaPQ
|
| 050 |
|
4 |
|a HG2035
|b .B57 2014
|
| 082 |
0 |
|
|a 338.95
|2 23
|
| 100 |
1 |
|
|a Birchall, Johnston ,
|e author.
|
| 245 |
1 |
0 |
|a Resister a la recession :
|b le pouvoir des cooperatives financieres /
|c Johnston Birchall.
|
| 250 |
|
|
|a Premiere edition.
|
| 264 |
|
1 |
|a Geneva, Switzerland :
|b International Labour Office,
|c 2014.
|
| 264 |
|
4 |
|c 2014
|
| 300 |
|
|
|a 1 online resource (78 pages) :
|b illustrations
|
| 336 |
|
|
|a text
|2 rdacontent
|
| 337 |
|
|
|a computer
|2 rdamedia
|
| 338 |
|
|
|a online resource
|2 rdacarrier
|
| 504 |
|
|
|a Includes bibliographical references.
|
| 588 |
|
|
|a Description based on online resource; title from PDF title page (ebrary, viewed February 16, 2015).
|
| 590 |
|
|
|a Electronic reproduction. Ann Arbor, MI : ProQuest, 2015. Available via World Wide Web. Access may be limited to ProQuest affiliated libraries.
|
| 650 |
|
0 |
|a Banks and banking, Cooperative.
|
| 650 |
|
0 |
|a Credit unions.
|
| 650 |
|
0 |
|a Finance.
|
| 655 |
|
4 |
|a Electronic books.
|
| 710 |
2 |
|
|a International Labour Office.
|
| 776 |
0 |
8 |
|i Print version:
|a Birchall, Johnston.
|t Resister a la recession : le pouvoir des cooperatives financieres.
|b Premiere edition.
|d Geneva, Switzerland : International Labour Office, c2014
|h xiii, 64 pages
|z 9789222270309
|
| 797 |
2 |
|
|a ProQuest (Firm)
|
| 856 |
4 |
0 |
|u https://ebookcentral.proquest.com/lib/matrademy/detail.action?docID=1936510
|z Click to View
|